| Поле | Инд. | ПП | Название | Значение |
|---|---|---|---|---|
| Тип записи | a | |||
| Библиографический уровень | i | |||
| 001 | Контрольный номер | UNIDUBNA20345b0a3eee4a8ca94185f0177a5410 | ||
| 005 | Дата корректировки | 20250926190955.4 | ||
| 041 | 0_ | a | Код языка текста | eng |
| 090 | a | Полочн. индекс | Внешний ресурс | |
| 245 | 10 | a | Заглавие | Mendeley Data |
| c | Ответственность | Elsevier inc, its licensors, and contributors | ||
| b | Продолж. заглавия | [data repository] | ||
| 257 | a | Страна производителя архивных фильмов | зарубежный | |
| 260 | b | Издательство | Elsevier | |
| c | Дата издания | 2016 - | ||
| 336 | a | Термин вида содержания | Электронные данные | |
| 353 | a | наборы данных | ||
| 353 | a | изображения | ||
| 353 | a | аудио | ||
| 353 | a | видео | ||
| 353 | a | программные средства | ||
| 380 | a | репозиторий | ||
| 520 | 0_ | a | Аннотация | Открытый облачный репозиторий компании Elsevier, содержит около 126 тыс. наборов данных от исследователей начиная с 1970 года. Предоставляет ученым бесплатную возможность надежного хранения, обмена и цитирования результатов исследований для авторов.После публикации набора данных ему присваивается цифровой идентификатор объекта (DOI). Разместить набор данных можно с открытым или ограниченным доступом. Метаданные наборов данных открыты для индексирования научными поисковыми системами |
| 540 | b | Поставщик/Провайдер | Mendeley, Elsevier inc. | |
| a | Правовые условия | Бесплатный доступ | ||
| 650 | 04 | a | Основная рубрика | биология |
| a | Основная рубрика | естествознание | ||
| a | Основная рубрика | информатика | ||
| a | Основная рубрика | математика | ||
| a | Основная рубрика | медицина | ||
| a | Основная рубрика | науки о Земле | ||
| a | Основная рубрика | психология | ||
| a | Основная рубрика | сельское хозяйство | ||
| a | Основная рубрика | социальные науки (общественные науки) | ||
| a | Основная рубрика | техника | ||
| a | Основная рубрика | физика | ||
| a | Основная рубрика | химия | ||
| 856 | 40 | a | Имя сервера/домена | Mendeley Data |
| d | Путь | https://data.mendeley.com/ | ||
| i | Указания/сценарий входа | Бесплатный доступ | ||
| u | URL | https://data.mendeley.com/research-data/ | ||
| 900 | x | Справочная информация | Обложка | |
| 900 | a | Имя электронного ресурса | obl_mendeley | |
| 901 | t | Тип документа | 0 |